000 00378nam a2200145Ia 4500
008 231129s2001||||xx |||||||||||||| ||spa||
020 _a958-30-0735-8
040 _bspa
082 _a891.551 K45r
100 _aKhayyam Omar
245 0 _aLos Rubayata
260 _c2001
264 _aBogotá Colombia : Panamericana
942 _2ddc
_cBKS
999 _c20036
_d20036